Analytical materials for public and professional expertise (Запись № 10713562)

Подробности
000 -МАРКЕР
контрольное поле 01729nam1a2200301 i 4500
001 - ИДЕНТИФИКАТОР ЗАПИСИ
контрольное поле RU\NLR\BIBL_A\010653197
005 - ИДЕНТИФИКАТОР ВЕРСИИ
контрольное поле 20260408120539.0
035 ## - ДРУГИЕ СИСТЕМНЫЕ НОМЕРА
Идентификатор записи (NLR Aleph) 010653197
100 ## - ДАННЫЕ ОБЩЕЙ ОБРАБОТКИ
Данные общей обработки 20150114g20149999k y0rusy50 ba
101 0# - ЯЗЫК РЕСУРСА
Язык текста, звукозаписи и т.д. английский
102 ## - СТРАНА ПУБЛИКАЦИИ ИЛИ ПРОИЗВОДСТВА
Страна публикации российская федерация
105 ## - ПОЛЕ КОДИРОВАННЫХ ДАННЫХ: ТЕКСТОВЫЕ МАТЕРИАЛЫ, МОНОГРАФИЧЕСКИЕ
Кодированные данные о монографическом текстовом документе z
200 1# - ЗАГЛАВИЕ И СВЕДЕНИЯ ОБ ОТВЕТСТВЕННОСТИ
Основное заглавие Analytical materials for public and professional expertise
Первые сведения об ответственности Nat. research univ. - Higher school of economics, 040100.68, Sociology master program, Fac. of sociology (Moscow), Centre for development of sociological education, HSE
Последующие сведения об ответственности [Prof. Alexander Chepurenko, asst. Prof. Benjamin Lind (eds.)]
210 ## - ПУБЛИКАЦИЯ, РАСПРОСТРАНЕНИЕ И ДР.
Место издания, распространения и т.д. Moscow
Имя издателя, распространителя и т. д. Nat. research univ. - Higher school of economics
Дата издания, распространения и т.д. 2014
215 ## - ФИЗИЧЕСКАЯ ХАРАКТЕРИСТИКА
Размеры 21
300 ## - ОБЩИЕ ПРИМЕЧАНИЯ
Текст примечания Общ. загл. указано на обл.
541 0# - ПЕРЕВОД ЗАГЛАВИЯ, СДЕЛАННЫЙ КАТАЛОГИЗАТОРОМ
Заглавие Аналитические материалы для общественной и профессиональной экспертизы
601 02 - НАИМЕНОВАНИЕ ОРГАНИЗАЦИИ КАК ПРЕДМЕТ
Начальный элемент ввода "Высшая школа экономики", национальный исследовательский университет
Структурное подразделение организации Социологический факультет
Идентифицирующий признак Москва, город
Тематический подзаголовок Преподавание
Системный номер авторитетной/нормативной записи 2219700
Идентификатор авторитетной/нормативной записи RU\NLR\AUTH\6601566171
606 ## - НАИМЕНОВАНИЕ ТЕМЫ КАК ПРЕДМЕТ
Наименование темы Социологическое образование
Системный номер авторитетной/нормативной записи 2237556
Идентификатор авторитетной/нормативной записи RU\NLR\AUTH\661342781
686 1# - ИНДЕКСЫ ДРУГИХ КЛАССИФИКАЦИЙ
Индекс Ч489.1
702 #1 - ИМЯ ЛИЦА - ВТОРИЧНАЯ ОТВЕТСТВЕННОСТЬ
Связь между полями z40790
Начальный элемент ввода Čepurenko
Часть имени, кроме начального элемента ввода A. J.
Расширение инициалов личного имени Aleksandr Jul'evič
Код отношения Редактор
712 02 - НАИМЕНОВАНИЕ ОРГАНИЗАЦИИ - ВТОРИЧНАЯ ОТВЕТСТВЕННОСТЬ
Код отношения Прочие
Материалы, к которым относится поле eng
Начальный элемент ввода National research university - Higher school of economics
Идентифицирующий признак Moscow
Структурное подразделение Centre for development of sociological education
Графика поля Латинская
Идентификатор авторитетной/нормативной записи RU\NLR\AUTH\880388232
Системный номер авторитетной/нормативной записи 442592
790 #1 - ИМЯ ЛИЦА - АЛЬТЕРНАТИВНАЯ ФОРМА
Связь между полями z40702
Начальный элемент ввода Chepurenko
Часть имени, кроме начального элемента ввода A.
Расширение инициалов личного имени Alexander
852 ## - МЕСТОНАХОЖДЕНИЕ И ШИФР ХРАНЕНИЯ
Идентификатор организации NLR
Шифр хранения (Call Number) Ик 2015-3/6
942 ## - ДОПОЛНИТЕЛЬНЫЕ ЭЛЕМЕНТЫ ЗАПИСИ (АБИС)
Тип экземпляра АБИС Книга

Нет доступных экземпляров.